Catàleg de propostes de dinamització cultural / Direcció General d'Activitats Artístiques i Literàries, Servei de Promoció cultural
Publicado:
Barcelona :
Generalitat de Catalunya, Departament de Cultura i Mitjans de Comunicació ,
1982
Descripción Física:
331 p. : il. ; 23 cm
Colección:
Guia cultural de Catalunya ; 1
MARC
| LEADER | 00000nam a2200000Ia 4500 | ||
|---|---|---|---|
| 001 | 1525 | ||
| 008 | 160829s1982 xx 000 0 cat d | ||
| 080 | |a M-1-306 | ||
| 110 | 1 | |a Catalunya. |b Servei de Promoció Cultural |9 54975 | |
| 245 | |a Catàleg de propostes de dinamització cultural / Direcció General d'Activitats Artístiques i Literàries, Servei de Promoció cultural | ||
| 260 | |a Barcelona : |b Generalitat de Catalunya, Departament de Cultura i Mitjans de Comunicació, |c 1982 | ||
| 300 | |a 331 p. : |b il. ; |c 23 cm | ||
| 490 | |a Guia cultural de Catalunya ; 1 | ||
| 650 | |a Espectacles populars |x Catalunya |x Guies |9 20836 | ||
| 901 | |a Arxiu | ||
| 942 | |n 1 | ||
| 952 | |0 0 |1 0 |4 0 |6 M1306 |7 1 |9 41705 |a Arxiu |b Arxiu |d 2016-12-01 |l 0 |o M-1-306 |p 1525 |r 2016-12-01 00:00:00 |w 2016-12-01 |y ARXIU | ||
| 999 | |c 43595 |d 43595 | ||